Cinco tradiciones en la psicología social / (Record no. 89229)

MARC details
000 -CABECERA
campo de control de longitud fija 00673nam a2200229 a 4500
005 - FECHA Y HORA DE LA ÚLTIMA TRANSACCIÓN
campo de control 20240925065146.0
008 - ELEMENTOS DE LONGITUD FIJA--INFORMACIÓN GENERAL
campo de control de longitud fija 020226s1995 es r 000 0 spa d
020 ## - NÚMERO INTERNACIONAL NORMALIZADO PARA LIBROS
Número Internacional Estándar del Libro 847112324X
035 ## - NÚMERO DE CONTROL DEL SISTEMA
Número de control de sistema UPN01000116492
049 ## - COLECCIÓN
Colección CG
050 #4 - SIGNATURA TOPOGRÁFICA DE LA BIBLIOTECA DEL CONGRESO
Número de clasificación HM251
Número de documento/Ítem B4.5 1995
100 1# - ASIENTO PRINCIPAL--NOMBRE PERSONAL
Nombre de persona Blanco Abarca, Amalio
245 10 - MENCIÓN DE TÍTULO
Título Cinco tradiciones en la psicología social /
Mención de responsabilidad, etc. Amalio Blanco Abarca.
250 ## - MENCIÓN DE EDICIÓN
Mención de edición 2a ed.
260 ## - PUBLICACIÓN, DISTRIBUCIÓN, ETC.
Lugar de publicación, distribución, etc. Madrid :
Nombre del editor, distribuidor, etc. Morata,
Fecha de publicación, distribución, etc. 1995.
300 ## - DESCRIPCIÓN FÍSICA
Extensión 327 p.
440 #0 - MENCIÓN DE SERIE/ASIENTO SECUNDARIO--TÍTULO
Título Sociología.
Nombre de parte o sección de la obra Demos
590 ## - NOTA LOCAL (RLIN)
Nota local Bibliografía Básica (BGTQ)
590 ## - NOTA LOCAL (RLIN)
Nota local (También localizas un ejemplar en el "Area de Reserva")
650 #4 - ASIENTO SECUNDARIO DE MATERIA - TERMINO TEMATICO
Término de materia o nombre geográfico como elemento de entrada Psicología social
9 (RLIN) 5889
905 ## - TIPO DE MATERIAL
Tipo de material Libro
Holdings
Estado de retiro Estado de pérdida Fuente del sistema de clasificación o colocación Estado dañado Restricciones de uso No para préstamo Código de colección Localización permanente Ubicación/localización actual Ubicación en estantería Fecha de adquisición Total de préstamos Clasificación Código de barras Fecha visto por última vez Número de copia Tipo de ítem Koha
    Library of Congress Classification   Préstamo por horas   Bibliografía básica Bib. Gregorio Torres Quintero Bib. Gregorio Torres Quintero Colecciones especiales Planta alta 30/01/2023 34 HM251 B4.5 1995 190942 31/12/2020 1 Libro por horas
    Library of Congress Classification       Colección General Bib. Gregorio Torres Quintero Bib. Gregorio Torres Quintero Planta baja 13/02/2023   HM251 B4.5 1995 334393 13/02/2023 Ej.2 Libro